| 000 | 00850nam a22002177a 4500 | ||
|---|---|---|---|
| 999 |
_c11124 _d11124 |
||
| 003 | AR-CdUCM | ||
| 008 | 190402b ||||| |||| 00| 0 spa d | ||
| 040 |
_aMUNICIPALIDAD PROVINCIAL DEL CUSCO _cBIBLIOTECA MUNICIPAL DEL CUSCO |
||
| 082 |
_a346.43 / _bR34 / 1947. |
||
| 100 |
_aReffino Pereyra, Virgilio. _928301 |
||
| 245 | _aLa propiedad horizontal de los inmuebles / | ||
| 260 |
_aBuenos Aires : _bEl Ateneo, _c1947. |
||
| 300 |
_a222 paginas ; _c21 cm. |
||
| 505 | _aContenido : Otras ventajas del sistema -- Anteproyecto de Velez Sársfield -- Anteproyecto del Dr. Bibiloni -- Legislación comparada -- Jurisprudencia Argentina... | ||
| 650 |
_aPropiedad inmueble _928302 |
||
| 650 |
_aLegislacion Argentina _928303 |
||
| 650 |
_aLegislación en Europa _928304 |
||
| 650 |
_aCooperativismo _97805 |
||
| 942 |
_2ddc _cLIBROS |
||
| 945 | _awnts | ||